Jurisprudence and legal theory

Saved in:
书目详细资料
主要作者: Mahajan, V. D.
格式: 图书
出版: New Delhi : Eastern Book Company c2011
版:5th edition
主题:
标签: 添加标签
没有标签, 成为第一个标记此记录!

MARC

LEADER 00000nam a2200000 4500
005 20251008091701.0
020 |a 9789351453338  |c TZS 53, 768/= 
040 |a MCCL  |b eng.  |e AACR 2nd rev. ed. 
082 |a 340.1 MAH 
100 |a Mahajan, V. D. 
245 |a Jurisprudence and legal theory  |c / V. D. Mahajan 
250 |a 5th edition 
260 |a New Delhi :   |b Eastern Book Company  |c c2011 
300 |a xxi, 641 p. ;  |c 24 cm. 
504 |a Includes index 
650 |a Jurisprudence  |z India 
650 |a Law Philosophy 
650 |a Law 
942 |c BK 
999 |c 12306  |d 12306